[Event "Tatarstan-ch op"]
[Site "Kazan"]
[Date "2012.09.08"]
[Round "6"]
[White "Vakhitov, Lenar"]
[Black "Murtazin, Bulat"]
[Result "1/2-1/2"]
[WhiteElo "2121"]
[BlackElo "2012"]
[PlyCount "133"]
[EventDate "2012.09.03"]
[EventType "swiss"]
[EventRounds "9"]
[EventCountry "RUS"]
[SourceTitle "CBM 150 Extra"]
[Source "ChessBase"]
[SourceDate "2012.10.19"]
[SourceVersion "1"]
[SourceVersionDate "2012.10.19"]
[SourceQuality "1"]

1. e4 e6 2. d4 d5 3. Nd2 a6 4. Ngf3 c5 5. exd5 exd5 6. dxc5 Bxc5 7. Nb3 Bb6 8. Bg5 Ne7 9. Bd3 0-0 10. 0-0 f6 11. Bf4 Nbc6 12. h3 Bf5 13. Bxf5 Nxf5 14. Qd3 Qd7 15. c3 Rad8 16. Rad1 Qc8 17. Rd2 Kh8 18. Rfd1 Nce7 19. Nbd4 Nd6 20. Kh1 Ne4 21. Re2 Ng6 22. Bh2 Rfe8 23. Qc2 Bc7 24. Bxc7 Qxc7 25. Nf5 Nf4 26. Ree1 Qf7 27. N3d4 Qg6 28. f3 Ng3+ 29. Kh2 Nxf5 30. Nxf5 Re5 31. Nd4 Qg5 32. g3 Nh5 33. Qf2 Qh6 34. f4 Rxe1 35. Rxe1 f5 36. Nxf5 Qg6 37. Nd4 Nf6 38. Re7 Qb1 39. a3 Ne4 40. Qe2 b5 41. Rxg7 Ra8 42. Rg5 Rd8 43. Re5 Rg8 44. Rxd5 Rxg3 45. Rd8+ Rg8 46. Rxg8+ Kxg8 47. f5 Kf7 48. Nc2 Nc5 49. b4 Na4 50. Nd4 Qc1 51. Qe6+ Kf8 52. Qd6+ Ke8 53. Qe5+ Kf7 54. f6 Qd2+ 55. Ne2 Nxc3 56. Qe7+ Kg6 57. f7 Nxe2 58. f8Q Nd4+ 59. Kg3 Nf5+ 60. Qxf5+ Kxf5 61. Qxh7+ Kf6 62. Qe4 Qa2 63. Qf3+ Ke6 64. h4 Qc2 65. h5 Qc7+ 66. Kh4 Qe7+ 67. Kh3 1/2-1/2

[Event "Tatarstan-ch op"]
[Site "Kazan"]
[Date "2012.09.04"]
[Round "2"]
[White "Vakhitov, Lenar"]
[Black "Vasilov, Artur"]
[Result "0-1"]
[WhiteElo "2121"]
[BlackElo "2265"]
[PlyCount "56"]
[EventDate "2012.09.03"]
[EventType "swiss"]
[EventRounds "9"]
[EventCountry "RUS"]
[SourceTitle "CBM 150 Extra"]
[Source "ChessBase"]
[SourceDate "2012.10.19"]
[SourceVersion "1"]
[SourceVersionDate "2012.10.19"]
[SourceQuality "1"]

1. d4 Nf6 2. c4 e6 3. Nc3 Bb4 4. e3 0-0 5. Nf3 b6 6. Bd3 Bb7 7. Qc2 d6 8. Bd2 Nbd7 9. a3 Bxc3 10. Bxc3 Qe7 11. e4 e5 12. d5 Nh5 13. Bd2 Rae8 14. 0-0-0 c6 15. Bb4 f6 16. Bd2 cxd5 17. g4 f5 18. gxf5 Rc8 19. Kb1 b5 20. Ng5 dxe4 21. Bxe4 Rxc4 22. Qb3 Nc5 23. Qxb5 Rxe4 24. Rhg1 Rd4 25. b4 Ne4 26. Qe2 Rxd2 27. Qxh5 Rxd1+ 28. Kc2 Nxg5 0-1

[Event "Tatarstan-ch op"]
[Site "Kazan"]
[Date "2012.09.03"]
[Round "1"]
[White "Bairamov, Ferdinant"]
[Black "Vakhitov, Lenar"]
[Result "0-1"]
[WhiteElo "1962"]
[BlackElo "2121"]
[PlyCount "76"]
[EventDate "2012.09.03"]
[EventType "swiss"]
[EventRounds "9"]
[EventCountry "RUS"]
[SourceTitle "CBM 150 Extra"]
[Source "ChessBase"]
[SourceDate "2012.10.19"]
[SourceVersion "1"]
[SourceVersionDate "2012.10.19"]
[SourceQuality "1"]

1. e4 Nf6 2. e5 Nd5 3. c4 Nb6 4. d4 d6 5. f4 dxe5 6. fxe5 Nc6 7. Be3 Bf5 8. a3 e6 9. Nf3 Be7 10. Be2 0-0 11. 0-0 Re8 12. Qd2 Nb8 13. Nc3 c6 14. Rad1 N8d7 15. Kh1 Qc7 16. Qe1 a6 17. Qg3 Bc2 18. Rd2 Bg6 19. Nh4 Bxh4 20. Qxh4 c5 21. Rfd1 cxd4 22. Bxd4 Nxc4 23. Bxc4 Qxc4 24. Qg3 Bh5 25. Rc1 Rad8 26. Ne2 Qb5 27. Nf4 Bg6 28. Nxg6 hxg6 29. Rcd1 Nb8 30. Qf2 Nc6 31. Kg1 Nxe5 32. Qg3 Nc6 33. Bc3 Rd5 34. Qc7 Red8 35. Rf1 Qc5+ 36. Kh1 f6 37. Rxf6 gxf6 38. Bxf6 Qc1+ 0-1